书目信息 |
| 题名: |
重磁位场转换中病态问题的正则化解法
|
|
| 作者: | 曾小牛 , 李夕海 , 刘代志 著 | |
| 分册: | ||
| 出版信息: | 西安 西安电子科技大学出版社 2020 |
|
| 页数: | 135页 | |
| 开本: | 23cm | |
| 丛书名: | ||
| 单 册: | ||
| 中图分类: | O24 | |
| 科图分类: | ||
| 主题词: | 计算数学--研究 | |
| 电子资源: | ||
| ISBN: | 978-7-5606-5503-1 | |
| 000 | 01153nam0 2200253 450 | |
| 001 | 2034243017 | |
| 005 | 20201105093051.95 | |
| 010 | @a978-7-5606-5503-1@dCNY30.00 | |
| 100 | @a20200521d2020 em y0chiy50 ea | |
| 101 | 0 | @achi |
| 102 | @aCN@b610000 | |
| 105 | @aa z 000yy | |
| 200 | 1 | @a重磁位场转换中病态问题的正则化解法@9zhong ci wei chang zhuan huan zhong bing tai wen ti de zheng ze hua jie fa@dRegularization solutions of Ill-posed problems in potential field (gravity and magnetic) transformation@f曾小牛,李夕海,刘代志著@zeng |
| 210 | @a西安@c西安电子科技大学出版社@d2020 | |
| 215 | @a135页@c图@d23cm | |
| 330 | @a本书基于正则化理论,对重磁位场不稳定转换的正则化解法进行了较深入的研究,所取得的研究成果不仅可用于重磁位场高精度转换,而且对其他领域不适定问题的研究也有一定的借鉴意义。 | |
| 510 | 1 | @aRegularization solutions of Ill-posed problems in potential field (gravity and magnetic) transformation@zeng |
| 606 | 0 | @a计算数学@x研究 |
| 690 | @aO24@v5 | |
| 701 | 0 | @a曾小牛@9zeng xiao niu@4著 |
| 701 | 0 | @a李夕海@9li xi hai@4著 |
| 701 | 0 | @a刘代志@9liu dai zhi@f(1960~)@4著 |
| 801 | @c20201010@aCN | |
| 905 | @aZUCC@dO24@eZ028 | |
| 重磁位场转换中病态问题的正则化解法=Regularization solutions of Ill-posed problems in potential field (gravity and magnetic) transformation/曾小牛,李夕海,刘代志著.-西安:西安电子科技大学出版社,2020 |
| 135页:图;23cm |
| ISBN 978-7-5606-5503-1:CNY30.00 |
| 本书基于正则化理论,对重磁位场不稳定转换的正则化解法进行了较深入的研究,所取得的研究成果不仅可用于重磁位场高精度转换,而且对其他领域不适定问题的研究也有一定的借鉴意义。 |
| ● |
| 相关链接 |
|
|
|
正题名:重磁位场转换中病态问题的正则化解法
索取号:O24/Z028
 
预约/预借
| 序号 | 登录号 | 条形码 | 馆藏地/架位号 | 状态 | 备注 |
| 1 | 1478420 | 214784205 | 自科库401/401自科库 48排7列5层/ [索取号:O24/Z028] | 在馆 | |
| 2 | 1478421 | 214784214 | 自科库401/401自科库 48排7列5层/ [索取号:O24/Z028] | 在馆 |